Extreme animals / (Record no. 5176)

MARC details
000 -LEADER
fixed length control field 01378nam a22002657a 4500
001 - CONTROL NUMBER
control field 5176
003 - CONTROL NUMBER IDENTIFIER
control field FISKH
005 - DATE AND TIME OF LATEST TRANSACTION
control field 20241108141934.0
008 - FIXED-LENGTH DATA ELEMENTS--GENERAL INFORMATION
fixed length control field 241108b cb ||||| |||| 00| 0 eng d
020 ## - INTERNATIONAL STANDARD BOOK NUMBER
International Standard Book Number 9781406305593
040 ## - CATALOGING SOURCE
Original cataloging agency FISKH
Language of cataloging eng
Transcribing agency FISKH
Modifying agency FISKH
050 ## - LIBRARY OF CONGRESS CALL NUMBER
Classification number QL49.D362
082 ## - DEWEY DECIMAL CLASSIFICATION NUMBER
Classification number 590
100 ## - MAIN ENTRY--PERSONAL NAME
Personal name Davies, Nicola
Dates associated with a name (1958–)
245 ## - TITLE STATEMENT
Title Extreme animals /
Statement of responsibility, etc. The toughest Creatures on Earth by Nicola Davies illustrated by Neal Layton
250 ## - EDITION STATEMENT
Edition statement This edition published in 2007
260 ## - PUBLICATION, DISTRIBUTION, ETC.
Place of publication, distribution, etc. London :
Name of publisher, distributor, etc. Walker,
Date of publication, distribution, etc. 2007.
300 ## - PHYSICAL DESCRIPTION
Extent 61 pages :
Other physical details Color illustrations ;
Dimensions 15 cm
520 ## - SUMMARY, ETC.
Summary, etc. Animals adapt to their surroundings for survival. Learn how they survive in conditions that humans never would. Are you ready for the competition? From the persevering emperor penguins of the South Pole to the brave bacteria inside bubbling volcanoes, from the hardy reptiles of the driest deserts to the squash-proof creatures of the deepest seabeds, animals have adapted to survive in conditions that would kill a human faster than you can say "coffin." Discover how they do it in this amazing natural history book from a celebrated team - and find out who wins the title of the toughtest animal of them all!
650 ## - SUBJECT ADDED ENTRY--TOPICAL TERM
Source of heading or term Animals
Topical term or geographic name entry element Non-fiction
650 ## - SUBJECT ADDED ENTRY--TOPICAL TERM
Source of heading or term Picture book
Topical term or geographic name entry element Science
700 ## - ADDED ENTRY--PERSONAL NAME
Personal name Layton, Neal
Dates associated with a name Illustrator
942 ## - ADDED ENTRY ELEMENTS (KOHA)
Source of classification or shelving scheme Dewey Decimal Classification
Koha item type Books
Suppress in OPAC No
Holdings
Withdrawn status Lost status Source of classification or shelving scheme Damaged status Not for loan Collection Home library Current library Shelving location Date acquired Total Checkouts Full call number Barcode Date last seen Date last checked out Copy number Price effective from Koha item type
    Dewey Decimal Classification     Non-Fiction Footprints International School Library Network Toul Kork Campus Footprints International School Library Network Toul Kork Campus A TK Campus, 4th Floor, Room B401, Non-Fiction Bookcases(7-8) 11/08/2024 1 DAV 590 QL49.D362 FISTK00721 04/30/2025 04/23/2025 1 11/08/2024 Books